| 000 | 00630nam a22002057a 4500 | ||
|---|---|---|---|
| 003 | OSt | ||
| 005 | 20260119015522.0 | ||
| 008 | 260119b |||||||| |||| 00| 0 eng d | ||
| 020 | _a0-8151-2142-3. | ||
| 040 |
_aDWC-Main lib. _cOC |
||
| 082 | _aCirc. 616.8 Y36 1993 | ||
| 100 | _aBradley, Walter G. | ||
| 245 |
_aThe yearbook of neurology and neurosurgery 1993/ _cWalter G. Bradley |
||
| 260 |
_aSt. Louis : _bMosby, _cc1993. |
||
| 300 |
_axiv, 464 p. : _billustration ; _c23 cm. |
||
| 504 | _aIncludes index. | ||
| 650 | _a1. Nervous system-Diseases. | ||
| 700 | _aCrowell, Robert M. | ||
| 942 |
_2ddc _cBK-CIRC _hCirc. _n0 |
||
| 999 |
_c7507 _d7507 |
||